000
00287nam a22001337a 4500
008
170606b xxu||||| |||| 00| 0 eng d
020
_a
9780965532761
041
_a
eng
080
_a
94
100
_a
18
101
_a
SHH
245
_a
A GENIUS FOR WAR
_c
DUPUY.T.N
942
_2
udc
_c
BK
999
_c
16087
_d
16087